The package design book 2 /
Gespeichert in:
| Weitere Verfasser: | |
|---|---|
| Format: | Buch |
| Sprache: | Englisch |
| Veröffentlicht: |
Köln :
Taschen,
2012
|
| Ausgabe: | 1. vydanie |
| Schlagworte: | |
| Tags: |
Keine Tags, Fügen Sie das erste Tag hinzu!
|
MARC
| LEADER | 00000nam a22000003a 4500 | ||
|---|---|---|---|
| 001 | 0022503 | ||
| 003 | SK-STU | ||
| 005 | 20170307112714.4 | ||
| 007 | ta | ||
| 008 | 170307s ----xo-----e------000-0-----d | ||
| 020 | |a 978-3-8365-2968-6 | ||
| 040 | |a STU |b slo | ||
| 041 | 0 | |a eng | |
| 044 | |a gw | ||
| 245 | 1 | 0 | |a The package design book 2 / |c ed. Julius Wiedemann |
| 250 | |a 1. vydanie | ||
| 260 | |a Köln : |b Taschen, |c 2012 | ||
| 300 | |a 432 s. | ||
| 650 | 0 | 7 | |a obalová technika |
| 650 | 0 | 7 | |a dizajn |
| 700 | 1 | |a Wiedemann, Julius |4 edt | |
| 996 | |b 284AU06924 |c A* 10059/U |l AAKNST |s P |a 0 |w 0022503_0001 | ||